Pays avec le plus d'ouragans - Statistiques

Statistiques générales
  • Ce quiz a été pris 10 158 fois
  • Le résultat moyen est 6 sur 10
Statistiques - réponses
# Pays % Correct
268 Etats-Unis
96%
133 Japon
88%
134 Mexique
82%
230 Chine
77%
66 Australie
64%
79 Cuba
62%
176 Philippines
58%
45 Vietnam
40%
61 Bahamas
38%
30 Madagascar
23%
Aucun quiz correspondant
Distribution des résultats
% des personnes avec chaque résultat
Percentile par nombre de réponses
Votre historique - résultats
Vous n’avez pas pris ce quiz